000
00216 a2200097 4500
020
_a
9781338566024
041
_a
spa
100
_a
Blabey, Aaron
245
_a
los Tipos Malos El Ataque de los Zombigatitos
942
_c
BK
999
_c
28023
_d
28023